000 00460nam a2200157Ia 4500
008 160316s2005 xxu||||| |||| 00| 0 eng d
082 _a345.080000
_bHIN
100 _a
245 _aThe U P Juvenile Justice Care and Protection Of the Children Rules 2004
250 _a1
260 _aAllahabad
_bHind Publishing House
_c2005
300 _a49
_b
_c
365 _b100
650 _a1. Juvenile Justice 2. Care and Protection 3. Children Rules
700 _a
_a
999 _c34269
_d34269